00941cam a2200217 a 450000100100000000500170001000800410002704000250006808200210009310000480011424501170016226000720027930000210035144000400037250400510041265000430046365000450050670000330055195201240058499900150070800000257420200929150221.0961004s1995 ck b 000 p spa  aDO-SdBNPbspacBNPHU aC861.0864bG633a1 aGómez Valderrama, Pedro,d1923-19929810310aAntología de Pedro Gómez Valderrama :bprosa y poesía /cprólogo y selección por Jorge Eliécer Ruiz. aSantafé de Bogotá [Colombia] :bInstituto Caro y Cuervo,c1995. a324 p. ;c20 cm. 3aLa Granada entreabierta ;v7598104 aIncluye referencias bibliográficas p. 33-47. 4aPoesía colombianaxColecciones98105 4aLiteratura colombianaxColecciones981061 aRuiz, Jorge Eliécer.96259 001052708MOaGRbGRcHDd2009-07-03iLF1l0oC861.0864 G633ap2574-10r2020-06-25w2020-06-25y2ZPréstamo interno c2410d2410